<?xml version="1.0" encoding="UTF-8"?>
<collection xmlns="http://www.loc.gov/MARC21/slim">
 <record>
  <leader>00663pamaa2200193   4500</leader>
  <controlfield tag="001">0000045796</controlfield>
  <controlfield tag="005">20121206090000.0</controlfield>
  <controlfield tag="008">090814                             eng  </controlfield>
  <datafield tag="020" ind1="0" ind2="0">
   <subfield code="a">9780262521789 (pbk.) </subfield>
  </datafield>
  <datafield tag="090" ind1="0" ind2="0">
   <subfield code="a">QH331 </subfield>
   <subfield code="b">FRO 1991</subfield>
  </datafield>
  <datafield tag="245" ind1="1" ind2="0">
   <subfield code="a">From Gaia to selfish genes : </subfield>
   <subfield code="b">selected writings in the life sciences  </subfield>
   <subfield code="c">edited by Connie Barlow.</subfield>
  </datafield>
  <datafield tag="260" ind1="0" ind2="0">
   <subfield code="a">Cambridge, Mass.: </subfield>
   <subfield code="b">MIT Press, </subfield>
   <subfield code="c">1991.</subfield>
  </datafield>
  <datafield tag="300" ind1=" " ind2=" ">
   <subfield code="a">273 p.: </subfield>
   <subfield code="b">ill.; </subfield>
   <subfield code="c">27 cm.</subfield>
  </datafield>
  <datafield tag="501" ind1="0" ind2="0">
   <subfield code="a">FAS</subfield>
  </datafield>
  <datafield tag="504" ind1="0" ind2="0">
   <subfield code="a">Includes bibliographical references (p. [249]-256) and index</subfield>
  </datafield>
  <datafield tag="650" ind1="0" ind2="0">
   <subfield code="a">Biology -- </subfield>
   <subfield code="x">Research </subfield>
  </datafield>
  <datafield tag="650" ind1="0" ind2="0">
   <subfield code="a">Biology -- </subfield>
   <subfield code="x">Philosophy </subfield>
  </datafield>
  <datafield tag="700" ind1="1" ind2="1">
   <subfield code="a">Barlow, </subfield>
   <subfield code="h">Connie C. </subfield>
  </datafield>
  <datafield tag="901" ind1=" " ind2=" ">
   <subfield code="u">www.mitpress.mit.edu</subfield>
  </datafield>
 </record>
</collection>
